|
|
|
|
| LEADER |
00639ntm a2200169 i 4500 |
| 001 |
misc47797 |
| 005 |
20241213104926.0 |
| 008 |
201211s1937 hu o 000 hun d |
| 040 |
|
|
|a SZTE Miscellanea Repozitórium
|b hun
|
| 041 |
|
|
|a hun
|
| 100 |
1 |
|
|a Vozár Béla
|
| 245 |
1 |
0 |
|a Vozár Béla gratuláló levele Szent-Györgyi Alberthez
|h [elektronikus dokumentum] /
|c Vozár Béla
|
| 260 |
|
|
|c 1937-11-03
|
| 300 |
|
|
|a 1 fol.
|
| 561 |
|
|
|a Szent-Györgyi Albert gratuláló levelek
|
| 695 |
|
|
|a Levelezés - Vozár Béla - Szent-Györgyi Albert, Nobel-díj - 1937
|
| 856 |
4 |
0 |
|u http://misc.bibl.u-szeged.hu/47797/1/1937_nov_3_051-052.pdf
|z Dokumentum-elérés
|